Historias de Abuelas /
Ninguna de las protagonistas de estos relatos deseó nunca llegar al lugar que ocupa hoy en la historia de nuestro país, pero sus tragedias personales y su coraje fueron fundiéndose en su quehacer como colectivo de búsqueda incansable e inclaudicable. Este conjunto de cuentos recupera las historias f...
Guardado en:
| Autor Principal: | |
|---|---|
| Otros Autores: | , , , , , , |
| Formato: | Libro |
| Idioma: | Undetermined |
| Publicado: |
Buenos Aires :
Amauta,
2023.
|
| Edición: | 1a ed. |
| Series: | Identidades bonaerenses
|
| Materias: | |
| Etiquetas: |
Agregar Etiqueta
Sin Etiquetas, Sea el primero en etiquetar este registro!
|
| LEADER | 03012nam a22003975a 4500 | ||
|---|---|---|---|
| 001 | CEM.cems024778 | ||
| 008 | 250707s2023####ag############000#0#und#d | ||
| 005 | 20250822110439.0 | ||
| 245 | 1 | 0 | |a Historias de Abuelas / |c Laura Ávila ... y otros ; ilustraciones de Andy Riva. |
| 250 | |a 1a ed. | ||
| 260 | |a Buenos Aires : |b Amauta, |c 2023. | ||
| 300 | |a 133 p. | ||
| 490 | 1 | |a Identidades bonaerenses | |
| 500 | |a Edición especial de la Dirección de Cultura y Educación de la Provincia de Buenos Aires. | ||
| 500 | |a Sugerencia de edad: a partir de ciclo básico. | ||
| 505 | 0 | |a Prólogo / Estela de Carlotto -- Las riendas / Andrea Ferrari -- Biografía de Rosa Tarlovsky de Roisinblit -- Diminutivos / Jorge Grubissich -- Biografía de Berta Schubaroff -- Entre tejidos / Laura Ávila -- Biografía de Carmen Ledda Barreiro -- Llamadas / Mario Méndez -- Biografía de Aída Kancepolski -- La alegría, ese fuego / Paula Bombara -- Biografía de Delia Giovanola -- Desde el corazón / Sandra Comino -- Biografía de Sonia Torres -- Los huracanes / Andrea Ferrari -- Biografía de Buscarita Roa -- La torta del 14 de febrero / Mario Méndez -- Biografía de Nélida Gómez de Navajas -- El gorrión más bello / Paula Bombara -- Biografía de Emilce Flores de Casado -- La canasta / Jorge Grubissich -- Biografía de Clelia "Chela" Deharbe de Fontana -- Nadie nace Abuela / Laura Ávila -- Biografía de Raquel Radío de Marizcurrena -- Estela y la lluvia de preguntas / Sandra Comino -- Biografía de Estela Barnes de Carlotto | |
| 520 | |a Ninguna de las protagonistas de estos relatos deseó nunca llegar al lugar que ocupa hoy en la historia de nuestro país, pero sus tragedias personales y su coraje fueron fundiéndose en su quehacer como colectivo de búsqueda incansable e inclaudicable. Este conjunto de cuentos recupera las historias fundantes de doce de las Abuelas de Plaza de Mayo. En cada una de esas biografías se narra en clave ficcional, como si de un cuento se tratara, las vidas de estas valientes mujeres, su lucha, y sus logros, pero también los detalles de sus historias personales. Una manera diferente de conocer a algunas de las luchadoras que han hecho Historia con mayúscula. | ||
| 020 | |a 9789871974429 | ||
| 100 | 1 | |a Ávila, Laura. | |
| 700 | 1 | |a Riva, Andy; il. | |
| 700 | 1 | |a Carlotto, Estela de. | |
| 700 | 1 | |a Ferrari, Andrea. | |
| 700 | 1 | |a Bombara, Paula. | |
| 700 | 1 | |a Comino, Sandra. | |
| 700 | 1 | |a Grubissich, Jorge. | |
| 700 | 1 | |a Méndez, Mario. | |
| 653 | |a Derechos Humanos | ||
| 653 | |a Derecho a la identidad | ||
| 653 | |a Abuelas de Plaza de Mayo | ||
| 653 | |a Memoria, Verdad y Justicia | ||
| 653 | |a Biografías | ||
| 653 | |a Identidades bonaerenses | ||
| 859 | |a CEMS |b BIB. CEMS - Agricultura |h 364.15 |i Av55 |p A3964.25 |t Ej.1 | ||
| 859 | |a CEMS |b BIB. CEMS - Ccias. Educacion |h 364.15 |i Av55 |k CE |p 30048.25 |t Ej.1 | ||
| 859 | |a CEMS |b BIB. CEMS - 11 de abril |h 364.15 |i Av55 |p 30046.25 |t Ej.1 | ||
| 859 | |a CEMS |b BIB. CEMS - 11 de abril |h 364.15 |i Av55 |p 30047.25 |t Ej.2 | ||
